00317nam a2200121Ia 4500008004100000041000900041082001900050100002700069245003400096260004900130300000800179650000800187230718s9999 xx 000 0 und d aEng. a500bعال-ہ aعالم ، حمیرا 0aہار کامہ کی سانس aPakistanbاردو ساتلی موروc1983 a193 aLaw